Canaletto & the art of Venice (Registro nro. 310102)
[ vista simple ]
| 000 -ENCABEZADO | |
|---|---|
| Número de control [NR] | 01607 a2200325 4500 |
| 005 - FECHA Y HORA DE LA ÚLTIMA TRANSACCIÓN | |
| control field | 20180815145802.0 |
| 008 - DE LONGITUD FIJA DE DATOS DE ELEMENTOS - INFORMACIÓN GENERAL | |
| Elementos de longitud fija [NR] | 180815s2018 enk||||| |||| 00| 0 eng d |
| 024 ## - OTRO IDENTIFICADOR NORMALIZADO [R] | |
| Número o código normalizado [NR] | 5060115340588 |
| 040 ## - FUENTE DE CATALOGACION [NR] | |
| Agencia de catalogación original [NR] | CO-BoUCM |
| Idioma de catalogación [NR] | spa |
| Quien Cataloga | Saul Niño |
| Quien Clasifica | Saul Niño |
| 041 1# - CODIGO DE IDIOMA [R] | |
| Código de idioma para texto/pista de sonido o título separado [R] | Español |
| 082 04 - NUMERO DE CLASIFICACION DECIMAL DEWEY [R] | |
| Número de la edición [NR] | 20 |
| Número de clasificación [R] | 759.94531 |
| 100 00 - ASIENTO PRINCIPAL--NOMBRE PERSONAL [NR] | |
| Nombre personal [NR] | David Bickerstaff |
| ID Autoridad | 93319 |
| 245 00 - MENCION DE TITULO [NR] | |
| Título [NR] | Canaletto & the art of Venice |
| Mención de responsabilidad, etc. [NR] | Produced by Phil Grabsky ; directed by David Bickerstaff |
| 246 ## - FORMA VARIANTE DEL TITULO [R] | |
| Título propiamente dicho/forma breve del título [NR] | Canaletto and the art of Venice |
| 260 ## - PUBLICACION, DISTRIBUCION, ETC. (PIE DE IMPRENTA) [R] | |
| Lugar de publicación, distribución, etc. [R] | Brighton |
| Nombre del editor, distribuidor, etc. [R] | Seventh Art Productions |
| Fecha de publicación, distribución, etc. [R] | [2018] |
| 300 ## - DESCRIPCION FISICA [R] | |
| Extensión [R] | 1 DVD (87 minutos) |
| 490 0# - MENCION DE SERIE [R] | |
| Mención de serie [R] | Exhibition on screen |
| Designación numérica/secuencial del volumen [NR] | 17 |
| 520 ## - NOTA DE RESUMEN, ETC. [R] | |
| Nota de sumario, etc. [NR] | An immersive journey into the life and art of Venice's famous view-painter. No artist better captures the essence and allure of the city than Giovanni Antonio Canal, better known as Canaletto. The film offers the chance to step inside two official royal residences--Buckingham Palace and Windsor Castle to learn more about the artist, and Joseph Smith, the man who introduced Canaletto to Britain. |
| 538 ## - NOTA DE DETALLES DEL SISTEMA [R] | |
| Nota de detalles del sistema [NR] | DVD region 0 |
| 546 ## - NOTA DE IDIOMA [R] | |
| Nota de idioma [NR] | Audio en inglés, subtítulos en español, francés, inglés, holandés, alemán |
| 600 00 - ASIENTO SECUNDARIO DE MATERIA - NOMBRE PERSONAL [R] | |
| Nombre personal [NR] | Canal, Giovanni Antonio |
| Fechas asociadas con el nombre [NR] | 1697-1768 |
| 9 (RLIN) | 93320 |
| 600 00 - ASIENTO SECUNDARIO DE MATERIA - NOMBRE PERSONAL [R] | |
| Nombre personal [NR] | Canal, Giovanni Antonio |
| Fechas asociadas con el nombre [NR] | 1697-1768 |
| Subdivisión de forma [R] | Obras de arte |
| 9 (RLIN) | 93321 |
| 650 #7 - ASIENTO SECUNDARIO DE MATERIA - TERMINO TEMATICO [R] | |
| 9 (RLIN) | 21523 |
| Término temático o nombre geográfico como elemento de entrada [NR] | Pintura |
| Subdivisión geográfica [R] | Italia |
| 650 #7 - ASIENTO SECUNDARIO DE MATERIA - TERMINO TEMATICO [R] | |
| 9 (RLIN) | 21556 |
| Término temático o nombre geográfico como elemento de entrada [NR] | Pintura italiana |
| 650 #7 - ASIENTO SECUNDARIO DE MATERIA - TERMINO TEMATICO [R] | |
| 9 (RLIN) | 21517 |
| Término temático o nombre geográfico como elemento de entrada [NR] | Pintores italianos |
| 650 #7 - ASIENTO SECUNDARIO DE MATERIA - TERMINO TEMATICO [R] | |
| 9 (RLIN) | 20996 |
| Término temático o nombre geográfico como elemento de entrada [NR] | Paisaje en el arte |
| 700 1# - ASIENTO SECUNDARIO - NOMBRE PERSONAL [R] | |
| Nombre personal [NR] | Bickerstaff, David |
| Término de relación [R] | director |
| 9 (RLIN) | 93088 |
| 700 1# - ASIENTO SECUNDARIO - NOMBRE PERSONAL [R] | |
| Nombre personal [NR] | Grabsky, Phil |
| 9 (RLIN) | 93053 |
| 942 ## - ELEMENTOS DE ENTRADA AGREGADOS (KOHA) | |
| Koha item type | Multimedia |
| Source of classification or shelving scheme | DEWEY |
| Tema principal | Arte |
| Edition | 1 |
| Classification part | 759.94531 |
| Call number suffix | C212a |
| Suprimido | Perdido | Sistema de clasificación | Dañado | No prestable | Tipo de ítem específico | Ubicación habitual | Ubicación actual | Localización | Fecha de creación | Proveedor | Forma de adquisición | Costo | Volúmen / Fascículo | Total préstamos | Signatura topográfica | Código de barras | Última vez visto | Fecha de último préstamo | Ejemplar | Costo de reposición | Price effective from | Tipo de ítem |
|---|---|---|---|---|---|---|---|---|---|---|---|---|---|---|---|---|---|---|---|---|---|---|
| DEWEY | DVD | Bodega | Bodega | 5to piso | 15/08/2018 | 12 | Donación | 0.00 | DVD | 1 | 759.94531 C212a | 100157661 | 11/12/2025 | 31/08/2021 | Ej.2 | 26000.00 | 15/08/2018 | Multimedia |